[Event "GER-ch Net blitz qual4"]
[Site "Playchess.com INT"]
[Date "2021.05.10"]
[Round "10"]
[White "Majcan, Tom"]
[Black "Polaski, Frank"]
[Result "1-0"]
[WhiteElo "1525"]
[BlackElo "1414"]
[PlyCount "55"]
[EventDate "2021.05.10"]
[EventType "swiss (blitz)"]
[EventRounds "11"]
[EventCountry "GER"]
[SourceTitle "CBM 202 Extra"]
[Source "ChessBase"]
[SourceDate "2021.07.31"]
[SourceVersion "1"]
[SourceVersionDate "2021.07.31"]
[SourceQuality "1"]

1. d4 d5 2. c4 e6 3. Nf3 h6 4. a3 f6 5. Bf4 Bd7 6. Nc3 Nc6 7. e3 g5 8. Bg3 h5 9. h3 Nge7 10. c5 Bg7 11. Bd3 Kf8 12. 0-0 Rc8 13. e4 Qe8 14. exd5 Nxd5 15. Re1 Qf7 16. Nxd5 exd5 17. Qc2 g4 18. Nh4 gxh3 19. gxh3 Bxh3 20. Bg6 Qd7 21. Bf5 Qf7 22. Ng6+ Kg8 23. Nxh8 Kxh8 24. Bxh3 Re8 25. Rxe8+ Qxe8 26. Qd2 Nxd4 27. Qxd4 f5 28. Qxd5 1-0

[Event "GER-ch Net blitz qual4"]
[Site "Playchess.com INT"]
[Date "2021.05.10"]
[Round "3"]
[White "Stangl, Anita"]
[Black "Majcan, Tom"]
[Result "1-0"]
[WhiteElo "1869"]
[BlackElo "1525"]
[PlyCount "47"]
[EventDate "2021.05.10"]
[EventType "swiss (blitz)"]
[EventRounds "11"]
[EventCountry "GER"]
[SourceTitle "CBM 202 Extra"]
[Source "ChessBase"]
[SourceDate "2021.07.31"]
[SourceVersion "1"]
[SourceVersionDate "2021.07.31"]
[SourceQuality "1"]

1. e4 c5 2. Nf3 e6 3. d4 cxd4 4. Nxd4 a6 5. Nc3 Nc6 6. Bc4 d6 7. a3 g6 8. 0-0 Bg7 9. Nde2 Nf6 10. Ng3 0-0 11. f4 b5 12. Ba2 Qc7 13. f5 exf5 14. exf5 Ne5 15. Bg5 Nc4 16. fxg6 fxg6 17. Qd5+ Kh8 18. Qxa8 Bh3 19. Qf3 Bg4 20. Qd3 Ne5 21. Qd2 Qc5+ 22. Kh1 Nc4 23. Bxc4 Qxc4 24. Qxd6 1-0

[Event "GER-ch Net blitz qual3"]
[Site "Playchess.com INT"]
[Date "2021.05.07"]
[Round "3"]
[White "Kitschke, Heiko"]
[Black "Majcan, Tom"]
[Result "1-0"]
[WhiteElo "1806"]
[BlackElo "1495"]
[PlyCount "51"]
[EventDate "2021.05.07"]
[EventType "swiss (blitz)"]
[EventRounds "11"]
[EventCountry "GER"]
[SourceTitle "CBM 202 Extra"]
[Source "ChessBase"]
[SourceDate "2021.07.31"]
[SourceVersion "1"]
[SourceVersionDate "2021.07.31"]
[SourceQuality "1"]

1. e4 c5 2. c3 d6 3. Nf3 a6 4. d4 cxd4 5. cxd4 e6 6. Nc3 h6 7. Bf4 g5 8. Bg3 Nf6 9. h4 gxh4 10. Bxh4 Be7 11. Bd3 Nbd7 12. Qd2 h5 13. 0-0 Rg8 14. Kh1 Ng4 15. Bxe7 Qxe7 16. Qf4 b5 17. e5 dxe5 18. dxe5 Ndxe5 19. Nxe5 Nxe5 20. Qxe5 Qh4+ 21. Qh2 Qg4 22. Be4 Rb8 23. Qxb8 e5 24. Qxe5+ Be6 25. Nd5 h4 26. Nf6+ 1-0